Gaming Quiz

Random Gaming or Video Games Quiz

Mejor Sevilla Rating FIFA05-FIFA20 Quiz Stats

 Plays Quiz not verified by Sporcle

Support Sporcle.
Go Orange.
Score 0/33 Timer 12:00
0 Plays Today
Hint Answer % Correct
Primer EquipoJesus Navas
100%
Primer EquipoAndres Palop
90%
Primer EquipoEver Banega
90%
Primer EquipoFrederic Kanoute
90%
Tercer EquipoSergio Rico
90%
Tercer EquipoIvan Rakitic
90%
Tercer EquipoLuuk de Jong
90%
Primer EquipoSergio Ramos
80%
Primer EquipoDani Alves
80%
Primer EquipoSteven Nzonzi
80%
Primer EquipoLuis Fabiano
80%
Segundo EquipoJulien Escude
80%
Segundo EquipoAlvaro Negredo
80%
Primer EquipoEnzo Maresca
70%
Segundo EquipoSebastien Squillaci
70%
Segundo EquipoGrzegorz Krychowiak
70%
Segundo EquipoJavier Saviola
70%
Hint Answer % Correct
Primer EquipoPablo Alfaro
60%
Primer EquipoJulio Baptista
60%
Segundo EquipoSeydou Keita
60%
Tercer EquipoBenoit Tremoulinas
60%
Tercer EquipoSimon Kjaer
60%
Tercer EquipoFranco Vazquez
60%
Tercer EquipoYevhen Konoplyanka
60%
Segundo EquipoSalvatore Sirigu
50%
Segundo EquipoAdil Rami
50%
Tercer EquipoVitolo Machin
50%
Tercer EquipoDidier Zokora
50%
Segundo EquipoSamir Nasri
40%
Segundo EquipoVicente Iborra
30%
Segundo EquipoQuincy Promes
20%
Tercer EquipoDaniel Carriço
20%
Tercer EquipoMichael Krohn-Dehli
10%

You're not logged in!

Compare scores with friends on all Sporcle quizzes.
OR
Log In

From the Vault

Either or, but Which? III

by nabean

You can choose either, but don't choose neither.
Remove Ads.
Support Sporcle.
Get the best of Sporcle when you Go Orange. This ad-free experience offers more features, more stats, and more fun while also helping to support Sporcle. Thank you for becoming a member.

Show Comments

Extras

Created May 23, 2020ReportNominate
Tags:Video Games Quiz

Top Quizzes Today


Score Distribution

Your Account Isn't Verified!

In order to create a playlist on Sporcle, you need to verify the email address you used during registration. Go to your Sporcle Settings to finish the process.

Report this User

Report this user for behavior that violates our Community Guidelines.

Details: